O livro da selva (Registo nº 1978)
[ vista simples ]
| 000 -Etiqueta do registo | |
|---|---|
| Cabeçalho | 01031nam a22003251 4500 |
| 005 - Identificador da versão | |
| Campo de controlo | 20240813121921.0 |
| 095 ## - | |
| -- | PTBN00005081 |
| 021 ## - Número do Depósito Legal | |
| Código do país | PT |
| 100 ## - Dados gerais de processamento | |
| Dados gerais de processamento | 20070620d1980 de y0pory5003 ba |
| 102 ## - Pais de publicação ou produção | |
| País de publicação | Portugal |
| 101 1# - Língua de publicação | |
| Língua do texto, banda sonora, etc. | Português |
| Língua do documento no original | Inglês |
| 106 ## - Campo de dados codificados: material textual | |
| Dados codificados do material textual | r |
| 105 ## - Campo de dados codificados: livros | |
| Dados codificados dos livros | a z 000fy |
| 215 ## - Descrição física | |
| Indicação específica da natureza do documento e extensão da espécie | 94, [2] p. |
| Outras indicações físicas | il. |
| Dimensões | 18 cm |
| 200 1# - Titulo e menção de responsabilidade | |
| Título próprio | O livro da selva |
| Primeira menção de responsabilidade | adapt. Jean Bethel |
| Outras menções de responsabilidade | trad. Fernanda Ferreira Graça |
| 225 2# - Colecção | |
| Título próprio da colecção | Clássicos Walt Disney |
| Informação de outro título da colecção | Livros de bolso |
| Indicação de volume | 1 |
| 210 ## - Publicação, Distribuição, etc. | |
| Lugar da edição, distribuição, etc. | Mem Martins |
| Nome do editor, distribuidor, etc. | Europa-América |
| Data da publicação, distribuição, etc. | 1980 |
| 300 ## - Notas gerais | |
| Texto da nota | Extraído da obra "Mowgli stories" de Rudyard Kipling |
| 304 ## - Notas relativas a título e menção de responsabilidade | |
| Texto da nota | Tít. orig.: The jungle book |
| 606 ## - Nome comum usado como assunto | |
| Número de registo de entrada de autoridade | 0000229 |
| Palavra de ordem | Literatura estrangeira infanto-juvenil |
| Subdivisão de assunto | Romance de aventuras |
| 675 ## - Classificação Decimal Universal (CDU) | |
| Notação | 82-311.3 |
| Edição | 2ª |
| Língua da edição | por |
| 702 #1 - Nome de autor-pessoa física (responsabilidade secundária) | |
| Número de registo de entrada de autoridade | 0000639 |
| Palavra de ordem | Graça |
| Outra parte do nome não tomada para palavra de ordem | Fernanda Ferreira |
| Código de função | Tradutor |
| Número de registo de entrada de autoridade | 0000640 |
| Palavra de ordem | Kipling |
| Outra parte do nome não tomada para palavra de ordem | Rudyard |
| Datas | 1865-1936 |
| Código de função | Antecedente bibliográfico |
| 700 #1 - Nome de autor-pessoa física (responsabilidade principal) | |
| Número de registo de entrada de autoridade | 0000638 |
| Palavra de ordem | Bethel |
| Outra parte do nome não tomada para palavra de ordem | Jean |
| 942 ## - Elementos de entrada adicionados (Koha) | |
| Tipo de item no Koha | Livro |
| Situação do levantamento | Origin of item (home branch) (coded) | Biblioteca de empréstimo | Código de barras | Cota | Circulation type (not for loan) | Tipo de documento | Nota do exemplar | Damaged status |
|---|---|---|---|---|---|---|---|---|
| Biblioteca Escolar da Coca Maravilhas | Biblioteca Escolar da Coca Maravilhas | BECM2657/94 | 8EST DIS | Livro | Sem mensagem |
